1593 1941 1245 1517 1929 1720 1574 1266 1314 1770 1672 1610 1385 1135 1442 1557 1306 1744 1347 1553 1014 1998 1291 1462 1861 1739 1415 1808 1696 1593 1462 1173 1647 1319 1179 1270 1145 1782 1531 1040 1475 1925 1128 1690 1677 1962 1433 1907 1053 1073 1098 1425 1611 1680 1450 1535 1500 1815 1192 1452 1787 1006 1548 1299 1138 1834 1717 1481 1465 1470 1882 1840 1464 1010 1159 1524 1876 1166 1444 1025 1840 1820 1117 1884 1462 1498 1358 1726 1993 1478 1198 1098 1533 1497 1731 1560 1381 1126 1681 BCNSPRNW ULIB Ver.6.0+V

เปลี่ยนเป็นภาษาไทย

Change to English
 แสดงรายละเอียดบรรณานุกรม
  กลับหน้าหลัก

Brief Record : Get Marc (ISO 2709) : E-mail record : QR code < ปิดหน้าต่าง
LEADER : 00000nam 2200000uu 4500
001    13399128958
003     ULIB
008    241110s2565||||th 000 0 tha d
020 ^^ ู^a9786160455805
060 ^^ ^aWL108^bท821ห
100 ^^ ^aโทะกิโอะ, โนว์เลดจ์
245 ^^ ^a100 เคล็ดลับยกระดับคุณภาพการนอน
260 ^^ ^aกรุงเทพฯ : ^bนานมีบุ๊คส์,^c2565
300 ^^ ^a227 หน้า
650 ^^ ^aการนอนหลับ
700 ^^ ^aวิธารณี จงสถิตย์วัฒนา ^eผู้แปล
945    ^p265^l0^i30371
945    ^p265^l0^i30372
999    ^aกัณชพร จุลอักษร
รายการนี้ยังไม่มีแท็ก
คุณยังไม่ได้ล็อกอิน คุณสามารถมีกิจกรรมร่วมกับเว็บไซต์ได้ แต่ต้องล็อกอินก่อน ::
  ล็อกอิน

รายการสื่อสารสนเทศ

ลำดับที่ ประเภท เลขเรียก/บาร์โค้ด สถานที่ สถานะ
1. หนังสือสำรอง
หนังสือสำรอง
WL108 ท821ห ฉ.1 
  Barcode: 30371
ห้องสมุดวิทยาเขตนครสวรรค์
►หนังสือทั่วไป:l:General Books
บนชั้น
2. วิทยาศาสตร์การแพทย์ และสุขภาพ
วิทยาศาสตร์การแพทย์ และสุขภาพ
WL108 ท821ห ฉ.2 
  Barcode: 30372
ห้องสมุดวิทยาเขตนครสวรรค์
►หนังสือทั่วไป:l:General Books
บนชั้น

รายการใกล้เคียง
    ชื่อเรื่อง [100 เคล็ดลับยกระดับคุณภาพการนอน]

    ผู้แต่ง [โทะกิโอะ, โนว์เลดจ์]

    หัวเรื่อง [การนอนหลับ]

BibComment


ยังไม่เคยถูกคอมเมนท์

คอมเมนท์ทรัพยากรรายการนี้
  คอมเมนท์: 100 เคล็ดลับยกระ..


 Copyright 2026. Bcnsprnw @Library